| 000 | 00730nam a2200217Ia 4500 | ||
|---|---|---|---|
| 003 | GCL | ||
| 008 | 140319s9999 xx 000 0 ara d | ||
| 040 |
_aGCL / _cGCL |
||
| 082 | 0 | 4 |
_a323.423 _bا م |
| 100 | 1 | _aايفون يزبك حداد | |
| 245 | 1 | 0 |
_aالمسلمون فى امريكا / _cايفون يزبك حداد |
| 260 |
_a[S.N] : _bمركز الاهرام للترجمة والنشر ، _c1994 |
||
| 300 | _a303 ص | ||
| 490 | _a | ||
| 650 | 0 | 4 | _aالولايات المتحدة الامريكية |
| 650 | 0 | 4 | _aانتشار الاسلام |
| 650 | 0 | 4 | _aالمسلمون |
| 650 | 0 | 4 | _aالاقليات |
| 650 | 0 | 4 | _aالمسلمون فى الولايات المتحدة الامريكية |
| 942 |
_2ddc _cBK |
||
| 999 |
_c52765 _d52765 |
||